00992cam a2200265 a 450000100060000000300080000600500170001400800390003102000260007002000280009603500190012404000230014304100080016608200320017410000250020624500760023126000480030730000350035550400640039065000760045470000310053094200120056199900170057395201360059016202BD-RjUL20211208235956.0140211s20001993nyua b 001 0 eng a0312094329 (New York) a0333494504 (Houndsmill) a(BD-RjUL)16257 aDLCcDLCdDLCbeng aeng00a338.9009172/4220bCUP 20001 aCurry, Steve.95013100aProject analysis in developing countries /cSteve Curry and John Weiss. aNew York, N.Y. :bSt. Martin's Press,c2000 axvii, 306 p. :bill. ;c23 cm. aIncludes bibliographical references (p. 291-295) and index. 0aEconomic development projectszDeveloping countriesxEvaluation.9501321 aWeiss, John,d1948-950133 2ddccBK c16202d16202 00102ddc40708NFICaRUCLbRUCLcStackd2008-07-08eRULg0.00l0o338.90091724 CUP 2000r2014-02-11 00:00:00tC-2w2014-02-11yBK